000 00743nam a2200241 i 4500
001 16762
003 ES-MaACL
005 20250304063100.0
007 t|
008 001102s1984 sp ||||1| spa d
080 _a75 Adami, Valerio (064.3)
100 0 _aAdami, Valerio
_918374
245 1 0 _aAdami
_b: pinturas /
_cTexto de Marc Le Bot.
260 _aOviedo :
_bMuseo de Bellas Artes de Asturias,
_c[1984]
300 _a[19] p. :
_bil. ;
_c28 cm.
600 0 4 _aAdami, Valerio
_918374
655 7 _2tgfbne
_9193628
_aCatálogos de exposiciones
700 1 _aLe Bot, Marc.
_970837
710 2 _aMuseo de Bellas Artes de Asturias.
_95843
852 _aES-MaACL
_j2155-F-14
_bR.107456
942 _2udc
999 _c16762
_d16762